000
00230nam a2200097Ia 4500
008
240331s9999 xx 000 0 und d
082
_b
ILl
100
_a
Human right. ed
245
0
_a
Elangai :
_b
manida urimeigalim enilai
942
_c
L
999
_c
4733
_d
4733